Fr. Conceicao Rodrigues College of Engineering

Error correction coding:Mathematical methods and algorithm (Record no. 30409)

MARC details
000 -LEADER
fixed length control field 00395nam a2200169Ia 4500
082 ## - DEWEY DECIMAL CLASSIFICATION NUMBER
Classification number 003.54/MOO
Item number MOO
100 ## - MAIN ENTRY--PERSONAL NAME
Personal name Moon/Todd K
245 ## - TITLE STATEMENT
Title Error correction coding:Mathematical methods and algorithm
260 ## - PUBLICATION, DISTRIBUTION, ETC.
Name of publisher, distributor, etc. Wiley India
Place of publication, distribution, etc. New Delhi
Date of publication, distribution, etc. 2005
366 ## - TRADE AVAILABILITY INFORMATION
Publishers's discount category 20
300 ## - PHYSICAL DESCRIPTION
Extent 756
546 ## - LANGUAGE NOTE
Language note ENGLISH
650 ## - SUBJECT ADDED ENTRY--TOPICAL TERM
Topical term or geographic name entry element Algorithm
654 ## - SUBJECT ADDED ENTRY--FACETED TOPICAL TERMS
Focus term error correction
942 ## - ADDED ENTRY ELEMENTS (KOHA)
Koha item type BOOK
Holdings
Withdrawn status Lost status Damaged status Not for loan Collection Home library Current library Date acquired Source of acquisition Cost, normal purchase price Inventory number Total Checkouts Full call number Barcode Date last seen Cost, replacement price Price effective from Koha item type
        CRC Fr. Agnel's C.Rodrigues College of Engineering Fr. Agnel's C.Rodrigues College of Engineering 17/03/2023 Ane Books India 383.20 352   003.54/MOO MOO 18676 17/03/2023 479.00   BOOK